[Event "Bussum op"]
[Site "Bussum"]
[Date "1995.??.??"]
[Round "1"]
[White "De Vilder, J."]
[Black "Kroeze, Frank"]
[Result "0-1"]
[WhiteElo "2030"]
[BlackElo "2400"]
[PlyCount "162"]
[EventDate "1995.??.??"]
[EventType "swiss"]
[EventRounds "7"]
[EventCountry "NED"]
[SourceTitle "EXT 1997"]
[Source "ChessBase"]
[SourceDate "1996.11.15"]
[SourceVersion "1"]
[SourceVersionDate "1996.11.15"]
[SourceQuality "1"]

1. e4 e5 2. f4 Bc5 3. Nf3 d6 4. Bc4 Nf6 5. Nc3 Nc6 6. d3 Bg4 7. Na4 Bb6 8. Nxb6 axb6 9. c3 exf4 10. Bxf4 Nh5 11. Be3 Ne5 12. Bb3 Bxf3 13. gxf3 Qf6 14. 0-0 Nf4 15. Bxf4 Qxf4 16. d4 Ng6 17. Qc1 Ra5 18. Qxf4 Nxf4 19. Kf2 Rh5 20. Ke3 g5 21. Rh1 Ke7 22. Rag1 h6 23. h4 Ng6 24. hxg5 hxg5 25. Rxh5 Rxh5 26. Rg2 f6 27. Bc2 Rh3 28. Bd1 Rh1 29. Kd2 Nf4 30. Rf2 c5 31. b3 Ne6 32. dxc5 bxc5 33. b4 Nf4 34. a4 Ng6 35. a5 Ne5 36. f4 gxf4 37. Rxf4 cxb4 38. cxb4 Nc6 39. Rf5 Rh2+ 40. Ke3 Rb2 41. Rb5 Rxb4 42. Rxb4 Nxb4 43. Ba4 Kd8 44. Kf4 Ke7 45. Bb5 Na6 46. Kf5 Nb4 47. Bc4 Nc6 48. a6 bxa6 49. Bxa6 Nd4+ 50. Kf4 Kf7 51. Bc4+ Kg6 52. Bd5 Ne2+ 53. Ke3 Ng3 54. Ba8 Kg5 55. Bb7 Nh5 56. Bc8 Nf4 57. Bb7 Ne6 58. Bd5 Nc5 59. Bc4 Kg4 60. Be2+ Kg3 61. Bc4 Nd7 62. Be2 Nf8 63. Bc4 Nh7 64. Be2 Ng5 65. Bc4 Nf3 66. Be6 Ne1 67. Bd5 Nc2+ 68. Kd2 Na3 69. Ke3 Nb5 70. Bb7 Na3 71. Kd4 Kf4 72. Bc6 Nc2+ 73. Kc3 Ne3 74. Kd3 Ng4 75. Kd4 Nf2 76. Bb7 Nd1 77. Bd5 Nf2 78. Bb7 Nh3 79. Bc6 Ng5 80. Bb7 Ne6+ 81. Kd5 Nc5 0-1